Internet And Cyber Crime/ (Record no. 190940)

MARC details
000 -LEADER
fixed length control field 00541nam a22001817a 4500
005 - DATE AND TIME OF LATEST TRANSACTION
control field 20220816104049.0
010 ## - LCCN (DPL NO)
LC control number ENG-134409
020 ## - INTERNATIONAL STANDARD BOOK NUMBER
International Standard Book Number 9789389395242
Terms of availability 475.00
035 ## - SYSTEM CONTROL NUMBER
System control number EN-117941
037 ## - SOURCE OF ACQUISITION
Source of stock number/acquisition DBAD/PUB
082 ## - DEWEY DECIMAL CLASSIFICATION NUMBER
Classification number 364.168
100 ## - MAIN ENTRY--PERSONAL NAME
Personal name Gupta, Sheetal
245 ## - TITLE STATEMENT
Title Internet And Cyber Crime/
Statement of responsibility, etc Sheetal Gupta
260 ## - PUBLICATION, DISTRIBUTION, ETC. (IMPRINT)
Place of publication, distribution, etc Allahabad
Name of publisher, distributor, etc Sampark Prakashan
Date of publication, distribution, etc 2015
270 ## - ADDRESS
Address 5/7 Upendra Nath Ashk Marg (Old Khusro Bagh Road)
City Allahabad
Postal code 211001
300 ## - PHYSICAL DESCRIPTION
Extent 136p.
Dimensions 22cm(hb)
942 ## - ADDED ENTRY ELEMENTS (KOHA)
Source of classification or shelving scheme Dewey Decimal Classification
Item type English Books
Classification part 364.168
Call number suffix GUP
Holdings
Withdrawn status Lost status Not for loan Collection code Home library Current library Date acquired Source of acquisition Cost, normal purchase price Full call number Barcode Copy number Cost, replacement price Koha item type
      Non-fiction Bawana Bawana 16/08/2022 DBAD/PUB 475.00 364.168 GUP EN-117941 1 475.00 English Books

© Delhi Public Library
Hit Counter
free hit counter